[Event "CZE-chT2E 2122"]
[Site "Czech Republic"]
[Date "2022.01.30"]
[Round "7.2"]
[White "Majer, Jiri"]
[Black "Jacko, Vladimir1111"]
[Result "0-1"]
[WhiteElo "2223"]
[BlackElo "2319"]
[PlyCount "78"]
[EventDate "2021.10.17"]
[EventType "team-tourn"]
[EventRounds "11"]
[EventCountry "CZE"]
[SourceTitle "EXT 2024"]
[Source "ChessBase"]
[SourceDate "2023.10.10"]
[SourceVersion "1"]
[SourceVersionDate "2023.10.10"]
[SourceQuality "1"]
[WhiteTeam "Kurim"]
[BlackTeam "Orechov Orel"]
[WhiteTeamCountry "CZE"]
[BlackTeamCountry "CZE"]

1. d4 Nf6 2. Nf3 g6 3. g3 Bg7 4. Bg2 0-0 5. 0-0 d6 6. b3 c5 7. e3 Nc6 8. Bb2 cxd4 9. exd4 Bf5 10. Nbd2 Rc8 11. a3 Qd7 12. Re1 Rfe8 13. Rc1 Nh5 14. Nc4 b5 15. Ne3 Bh3 16. Bh1 h6 17. Ba1 e5 18. dxe5 dxe5 19. Qxd7 Bxd7 20. Nd5 e4 21. Bxg7 Kxg7 22. Nd2 f5 23. f3 exf3 24. Nxf3 Be6 25. c4 bxc4 26. bxc4 g5 27. Rb1 Nf6 28. Rb7+ Bf7 29. Nc7 Rxe1+ 30. Nxe1 Ne5 31. Rxa7 Nxc4 32. a4 Kg6 33. Bc6 Rd8 34. Nf3 Ne4 35. Bxe4 fxe4 36. Ra6+ Kf5 37. Ne1 e3 38. Nb5 Rd1 39. Kf1 Bh5 0-1

[Event "CZE-chT2E 2122"]
[Site "Czech Republic"]
[Date "2022.01.16"]
[Round "6.1"]
[White "Majer, Jiri"]
[Black "Sosna, Jan"]
[Result "1/2-1/2"]
[WhiteElo "2223"]
[BlackElo "2343"]
[PlyCount "48"]
[EventDate "2021.10.17"]
[EventType "team-tourn"]
[EventRounds "11"]
[EventCountry "CZE"]
[SourceTitle "EXT 2024"]
[Source "ChessBase"]
[SourceDate "2023.10.10"]
[SourceVersion "1"]
[SourceVersionDate "2023.10.10"]
[SourceQuality "1"]
[WhiteTeam "Kurim"]
[BlackTeam "Zlin"]
[WhiteTeamCountry "CZE"]
[BlackTeamCountry "CZE"]

1. d4 d5 2. Nf3 c6 3. g3 Bg4 4. Bg2 Nd7 5. Nbd2 Ngf6 6. 0-0 e6 7. c4 Be7 8. b3 0-0 9. Bb2 b5 10. c5 h6 11. b4 a5 12. a3 Qc7 13. Nb3 a4 14. Nc1 Nh7 15. Nd3 Bf6 16. Qd2 Rfe8 17. Nfe5 Nxe5 18. dxe5 Be7 19. Rae1 Bf5 20. f3 Nf8 21. Nf2 Rad8 22. f4 Nd7 23. Bd4 f6 24. Qb2 fxe5 1/2-1/2

[Event "CZE-chT2E 1920"]
[Site "Czech Republic"]
[Date "2020.01.26"]
[Round "7.2"]
[White "Majer, Jiri"]
[Black "Novy, Martin"]
[Result "0-1"]
[WhiteElo "2212"]
[BlackElo "2131"]
[PlyCount "98"]
[EventDate "2019.10.13"]
[EventType "team-tourn"]
[EventRounds "11"]
[EventCountry "CZE"]
[SourceTitle "EXT 2024"]
[Source "ChessBase"]
[SourceDate "2023.10.10"]
[SourceVersion "1"]
[SourceVersionDate "2023.10.10"]
[SourceQuality "1"]
[WhiteTeam "Kurim"]
[BlackTeam "Orechov Orel"]
[WhiteTeamCountry "CZE"]
[BlackTeamCountry "CZE"]

1. d4 d6 2. Nf3 Nf6 3. g3 Bf5 4. Bg2 c6 5. 0-0 g6 6. b3 Bg7 7. Bb2 0-0 8. Nbd2 Ne4 9. Nh4 Nxd2 10. Qxd2 Be6 11. e4 Qc8 12. Rfe1 Bh3 13. Bh1 c5 14. c3 e5 15. Ng2 Bxg2 16. Bxg2 exd4 17. cxd4 Nc6 18. dxc5 Bxb2 19. Qxb2 dxc5 20. Rac1 b6 21. e5 Rb8 22. Rcd1 Nd4 23. Qc1 Qf5 24. Re4 Qxe4 25. Bxe4 Ne2+ 26. Kf1 Nxc1 27. Rxc1 Rbd8 28. Rc2 Rfe8 29. f4 Kg7 30. Bc6 Re7 31. Bb5 f6 32. exf6+ Kxf6 33. Kf2 Rd4 34. Bc4 h6 35. Kf3 g5 36. fxg5+ hxg5 37. Kg2 Red7 38. Rf2+ Kg6 39. a4 Rd2 40. Be2 Kg7 41. h3 Rb2 42. Bc4 Rxf2+ 43. Kxf2 Rd4 44. Kf3 Kf6 45. Ke3 Ke5 46. Kf3 Kf5 47. g4+ Ke5 48. Kg3 Rd1 49. Be2 Re1 0-1

[Event "CZE-chT2E 1920"]
[Site "Czech Republic"]
[Date "2020.01.12"]
[Round "6.2"]
[White "Karlik, Vladimir"]
[Black "Majer, Jiri"]
[Result "1/2-1/2"]
[WhiteElo "2119"]
[BlackElo "2212"]
[PlyCount "28"]
[EventDate "2019.10.13"]
[EventType "team-tourn"]
[EventRounds "11"]
[EventCountry "CZE"]
[SourceTitle "EXT 2024"]
[Source "ChessBase"]
[SourceDate "2023.10.10"]
[SourceVersion "1"]
[SourceVersionDate "2023.10.10"]
[SourceQuality "1"]
[WhiteTeam "Kromeriz Slavia II"]
[BlackTeam "Kurim"]
[WhiteTeamCountry "CZE"]
[BlackTeamCountry "CZE"]

1. e4 Nf6 2. e5 Nd5 3. Nc3 e6 4. Ne4 d6 5. d4 Nc6 6. Nf3 Be7 7. Be2 0-0 8. 0-0 a6 9. c3 f5 10. exf6 Nxf6 11. Nxf6+ Bxf6 12. Bd3 Qe8 13. Ng5 Bxg5 14. Bxg5 e5 1/2-1/2

[Event "CZE-chT2E 1617"]
[Site "Czech Republic"]
[Date "2017.03.19"]
[Round "10.1"]
[White "Majer, Jiri"]
[Black "Motuz, Karol"]
[Result "0-1"]
[WhiteElo "2228"]
[BlackElo "2317"]
[PlyCount "74"]
[EventDate "2016.09.10"]
[EventType "team-tourn"]
[EventRounds "11"]
[EventCountry "CZE"]
[SourceTitle "EXT 2022"]
[Source "ChessBase"]
[SourceDate "2021.10.06"]
[SourceVersion "1"]
[SourceVersionDate "2021.10.06"]
[SourceQuality "1"]
[WhiteTeam "Kurim"]
[BlackTeam "Vsetin"]
[WhiteTeamCountry "CZE"]
[BlackTeamCountry "CZE"]

1. e4 c5 2. c3 Nf6 3. e5 Nd5 4. d4 cxd4 5. Nf3 Nc6 6. Bc4 Nb6 7. Bb3 g6 8. cxd4 Bg7 9. 0-0 0-0 10. Qe2 d6 11. Rd1 Bg4 12. Nc3 Qb8 13. e6 f5 14. Qe3 Qd8 15. a4 Bxf3 16. gxf3 a5 17. Nb5 Rc8 18. Bd2 d5 19. Rac1 f4 20. Qd3 Rf6 21. Re1 Kh8 22. Kh1 Qg8 23. Qe2 g5 24. Rc5 Rd8 25. Bc3 Rh6 26. Nc7 Qf8 27. Qd3 Rh3 28. Rg1 Qf6 29. Bc2 Qh6 30. Rg2 g4 31. Bd1 g3 32. fxg3 fxg3 33. Qd2 Qh4 34. f4 Bh6 35. Bxa5 Bxf4 36. Qe2 Bxc7 37. Bxb6 Bxb6 0-1

[Event "CZE-chT2E 1617"]
[Site "Czech Republic"]
[Date "2016.12.11"]
[Round "5.1"]
[White "Majer, Jiri"]
[Black "Mikes, Jan"]
[Result "1/2-1/2"]
[WhiteElo "2228"]
[BlackElo "2198"]
[PlyCount "78"]
[EventDate "2016.09.10"]
[EventType "team-tourn"]
[EventRounds "11"]
[EventCountry "CZE"]
[SourceTitle "EXT 2022"]
[Source "ChessBase"]
[SourceDate "2021.10.06"]
[SourceVersion "1"]
[SourceVersionDate "2021.10.06"]
[SourceQuality "1"]
[WhiteTeam "Kurim"]
[BlackTeam "Prusanky Podluzan"]
[WhiteTeamCountry "CZE"]
[BlackTeamCountry "CZE"]

1. c4 e5 2. Nc3 Nf6 3. g3 d5 4. cxd5 Nxd5 5. Bg2 Nb6 6. Nf3 Nc6 7. 0-0 Be7 8. d3 0-0 9. Bd2 Be6 10. a4 a5 11. Nb5 f5 12. Rc1 Bf6 13. Be3 Nd5 14. Bc5 Rf7 15. Qc2 Rd7 16. Qb1 Ndb4 17. b3 Ne7 18. Rfd1 c6 19. Nc3 b6 20. Be3 h6 21. Ne1 Rc8 22. Na2 Nxa2 23. Qxa2 Nd5 24. Bd2 f4 25. Qb1 Qe7 26. Nc2 Rf8 27. b4 Qf7 28. Rf1 Qh5 29. Rce1 Rdf7 30. b5 c5 31. Na3 Bg5 32. Qc1 Nf6 33. Nc4 Ng4 34. h3 fxg3 35. fxg3 Bxd2 36. hxg4 Bxc1 37. gxh5 Bxc4 38. dxc4 Rxf1+ 39. Rxf1 Rxf1+ 1/2-1/2

[Event "CZE-chT2E 1617"]
[Site "Czech Republic"]
[Date "2016.11.13"]
[Round "3.1"]
[White "Majer, Jiri"]
[Black "Karlik, Vladimir"]
[Result "1/2-1/2"]
[WhiteElo "2228"]
[BlackElo "2222"]
[PlyCount "32"]
[EventDate "2016.09.10"]
[EventType "team-tourn"]
[EventRounds "11"]
[EventCountry "CZE"]
[SourceTitle "EXT 2022"]
[Source "ChessBase"]
[SourceDate "2021.10.06"]
[SourceVersion "1"]
[SourceVersionDate "2021.10.06"]
[SourceQuality "1"]
[WhiteTeam "Kurim"]
[BlackTeam "Kromeriz Slavia II"]
[WhiteTeamCountry "CZE"]
[BlackTeamCountry "CZE"]

1. d4 Nf6 2. Nf3 g6 3. g3 Bg7 4. Bg2 0-0 5. 0-0 d6 6. Nc3 Nbd7 7. e4 e5 8. Re1 c6 9. dxe5 dxe5 10. b3 Re8 11. Bb2 Qc7 12. Qd2 a5 13. Rad1 Bf8 14. Qg5 h6 15. Qc1 Nc5 16. a4 Bg4 1/2-1/2

[Event "Pardubice Czech op-A 27th"]
[Site "Pardubice"]
[Date "2016.07.28"]
[Round "7"]
[White "Tomazini, Aljosa"]
[Black "Majer, Jiri"]
[Result "1-0"]
[WhiteElo "2359"]
[BlackElo "2188"]
[PlyCount "81"]
[EventDate "2016.07.22"]
[EventType "swiss"]
[EventRounds "9"]
[EventCountry "CZE"]
[SourceTitle "CBM 173 Extra"]
[Source "ChessBase"]
[SourceDate "2016.08.29"]
[SourceVersion "1"]
[SourceVersionDate "2016.08.29"]
[SourceQuality "1"]

1. d4 Nf6 2. c4 d6 3. Nf3 Nbd7 4. Nc3 e5 5. g3 Be7 6. Bg2 0-0 7. 0-0 c6 8. Qc2 Qc7 9. b3 Re8 10. Bb2 a5 11. Rad1 Bf8 12. e4 exd4 13. Nxd4 Nc5 14. h3 Bd7 15. Nf5 Bxf5 16. exf5 Qb6 17. Na4 Nxa4 18. bxa4 Nd7 19. f6 Nxf6 20. Rd4 Re6 21. Rf4 Rae8 22. Bd4 Qd8 23. Qb2 Qe7 24. Kh2 Ne4 25. Rb1 d5 26. cxd5 cxd5 27. Qxb7 Qxb7 28. Rxb7 Be7 29. Rb5 Bb4 30. Rxd5 Nf6 31. Rb5 h6 32. Bb6 Re2 33. a3 Bd6 34. Rf3 h5 35. Rd3 Be5 36. Bf3 Rc2 37. Kg2 h4 38. gxh4 Rc4 39. Re3 Bd6 40. Rxe8+ Nxe8 41. Rxa5 1-0

[Event "CZE-chT2E 1516"]
[Site "Czech Republic"]
[Date "2016.04.17"]
[Round "11.1"]
[White "Majer, Jiri"]
[Black "Obsivac, Josef"]
[Result "1/2-1/2"]
[WhiteElo "2191"]
[BlackElo "2339"]
[PlyCount "117"]
[EventDate "2015.10.18"]
[EventType "team-tourn"]
[EventRounds "11"]
[EventCountry "CZE"]
[SourceTitle "EXT 2022"]
[Source "ChessBase"]
[SourceDate "2021.10.06"]
[SourceVersion "1"]
[SourceVersionDate "2021.10.06"]
[SourceQuality "1"]
[WhiteTeam "Kurim"]
[BlackTeam "Grygov II"]
[WhiteTeamCountry "CZE"]
[BlackTeamCountry "CZE"]

1. Nf3 Nf6 2. g3 b5 3. Bg2 Bb7 4. 0-0 e6 5. d3 d5 6. Nbd2 Be7 7. c4 bxc4 8. dxc4 Nbd7 9. b3 0-0 10. Bb2 Re8 11. Qc2 Bd6 12. Rad1 c5 13. e3 Qc7 14. Rfe1 Rac8 15. Qb1 Ne5 16. Nxe5 Bxe5 17. cxd5 exd5 18. Rc1 Qe7 19. Nf3 Bxb2 20. Qxb2 Ne4 21. Nd2 f5 22. Nxe4 fxe4 23. Red1 Rc7 24. Rc2 Rf8 25. Qc3 Rf6 26. Rcd2 h6 27. Rf1 Qf7 28. Qe5 Re6 29. Qc3 Qe7 30. Re1 Kh8 31. Qa5 Ra6 32. Qb5 Rb6 33. Qa5 Ra6 34. Qb5 Rf6 35. Qa5 Qe5 36. Qxa7 Ra6 37. Qb8+ Kh7 38. Qd8 Ra8 39. Qh4 Rf8 40. Qg4 Rcf7 41. Qd1 d4 42. exd4 cxd4 43. f4 Qc5 44. Bxe4+ Bxe4 45. Rxe4 d3+ 46. Kg2 Ra7 47. Qf3 Rd8 48. Rc4 Qa5 49. Qe4+ Kh8 50. Rxd3 Qxa2+ 51. Kh3 Rf8 52. Ra4 Rxa4 53. bxa4 Qb1 54. Rd4 Qf1+ 55. Qg2 Qa6 56. Qd2 Qe6+ 57. Kg2 Qc6+ 58. Kh3 Qe6+ 59. Kg2 1/2-1/2

[Event "Pardubice Czech op-A 25th"]
[Site "Pardubice"]
[Date "2014.07.24"]
[Round "7"]
[White "Kutynec, Vladimir"]
[Black "Majer, Jiri"]
[Result "1-0"]
[WhiteElo "2305"]
[BlackElo "2172"]
[PlyCount "95"]
[EventDate "2014.07.18"]
[EventType "swiss"]
[EventRounds "9"]
[EventCountry "CZE"]
[SourceTitle "CBM 161 Extra"]
[Source "ChessBase"]
[SourceDate "2014.08.29"]
[SourceVersion "1"]
[SourceVersionDate "2014.08.29"]
[SourceQuality "1"]

1. Nf3 Nf6 2. c4 g6 3. Nc3 Bg7 4. e4 d6 5. d4 0-0 6. Be2 e5 7. 0-0 exd4 8. Nxd4 Re8 9. f3 c6 10. Nc2 Be6 11. Be3 a6 12. a4 Qe7 13. Qd2 Nfd7 14. Rfd1 Ne5 15. b3 Bf8 16. Nd4 Bc8 17. Rf1 f6 18. f4 Nf7 19. Bf3 a5 20. Nd1 Nd7 21. Nf2 Nc5 22. Rfe1 Bg7 23. Rad1 Qc7 24. h4 Bd7 25. g4 Re7 26. f5 Rae8 27. Bf4 Qb6 28. Qc3 Ne5 29. Bg2 Qc7 30. Ne2 b5 31. cxb5 cxb5 32. axb5 Bxb5 33. Nd4 Ba6 34. Bf1 Bxf1 35. Kxf1 Qb6 36. Re3 Nf7 37. Rde1 g5 38. Bg3 Qb7 39. Kg2 gxh4 40. Bxh4 Ng5 41. Qxa5 Ngxe4 42. Qb5 d5 43. b4 Qxb5 44. Nxb5 Nb7 45. Nc3 Nbd6 46. Nxd5 Re5 47. Nxf6+ Bxf6 48. Bxf6 1-0

[Event "Pardubice Czech op-A 25th"]
[Site "Pardubice"]
[Date "2014.07.21"]
[Round "4"]
[White "Majer, Jiri"]
[Black "Srienz, Christian"]
[Result "1/2-1/2"]
[WhiteElo "2172"]
[BlackElo "2267"]
[PlyCount "24"]
[EventDate "2014.07.18"]
[EventType "swiss"]
[EventRounds "9"]
[EventCountry "CZE"]
[SourceTitle "CBM 161 Extra"]
[Source "ChessBase"]
[SourceDate "2014.08.29"]
[SourceVersion "1"]
[SourceVersionDate "2014.08.29"]
[SourceQuality "1"]

1. d4 Nf6 2. Nf3 c5 3. e3 g6 4. b3 Bg7 5. Bb2 0-0 6. Be2 cxd4 7. Nxd4 d5 8. 0-0 Re8 9. c4 dxc4 10. Bxc4 Bg4 11. Be2 Bxe2 12. Qxe2 Nbd7 1/2-1/2

[Event "CZE-chT2E 1314"]
[Site "Czech Republic"]
[Date "2014.02.02"]
[Round "7.2"]
[White "Vechet, Stanislav"]
[Black "Majer, Jiri"]
[Result "1-0"]
[WhiteElo "2165"]
[BlackElo "2201"]
[PlyCount "97"]
[EventDate "2013.11.03"]
[EventType "team-tourn"]
[EventRounds "11"]
[EventCountry "CZE"]
[SourceTitle "EXT 2016"]
[Source "ChessBase"]
[SourceDate "2015.10.08"]
[SourceVersion "1"]
[SourceVersionDate "2015.10.08"]
[SourceQuality "1"]
[WhiteTeam "Brno Moravska Slavia"]
[BlackTeam "Kurim"]
[WhiteTeamCountry "CZE"]
[BlackTeamCountry "CZE"]

1. d4 Nf6 2. g3 g6 3. Bg2 Bg7 4. e4 d6 5. Nc3 0-0 6. Nge2 e5 7. h3 Nc6 8. Be3 Bd7 9. d5 Ne7 10. Qd2 a6 11. g4 Ne8 12. f4 exf4 13. Nxf4 c5 14. 0-0 Qa5 15. Nd1 Qxd2 16. Bxd2 b5 17. c3 Ra7 18. Ne3 a5 19. a3 Nc8 20. Rf2 Nb6 21. Rd1 Na4 22. Bc1 Nc7 23. Nc2 Na6 24. Bf3 b4 25. axb4 axb4 26. cxb4 Nxb4 27. Nxb4 cxb4 28. Kg2 Rc7 29. Nd3 Rfc8 30. Bf4 Rc2 31. Nxb4 Rxf2+ 32. Kxf2 Nxb2 33. Rb1 Nc4 34. Nd3 Bd4+ 35. Kg3 Ne5 36. Nxe5 dxe5 37. Bh6 Ba4 38. Rb4 Bc2 39. Rb7 Bc5 40. h4 Bd3 41. h5 Ba6 42. Rb3 Bc4 43. Rb2 Bd4 44. Rb4 Ba6 45. Bg5 gxh5 46. d6 Bc5 47. Rb2 h4+ 48. Bxh4 Bxd6 49. Rb6 1-0

[Event "CZE-chT1E 1314"]
[Site "Czech Republic"]
[Date "2014.01.26"]
[Round "6.5"]
[White "Majer, Jiri"]
[Black "Sochorova, Petra"]
[Result "1/2-1/2"]
[WhiteElo "2201"]
[BlackElo "2183"]
[PlyCount "70"]
[EventDate "2013.10.20"]
[EventType "team-tourn"]
[EventRounds "11"]
[EventCountry "CZE"]
[SourceTitle "EXT 2015"]
[Source "ChessBase"]
[SourceDate "2014.11.20"]
[SourceVersion "1"]
[SourceVersionDate "2014.11.20"]
[SourceQuality "1"]
[WhiteTeam "Brno Duras"]
[BlackTeam "Brno Lokomotiva"]
[WhiteTeamCountry "CZE"]
[BlackTeamCountry "CZE"]

1. d4 f5 2. Nf3 Nf6 3. g3 g6 4. Bg2 Bg7 5. 0-0 0-0 6. c4 d6 7. Nc3 Nc6 8. b3 e5 9. dxe5 dxe5 10. Ba3 Re8 11. Qxd8 Rxd8 12. Rad1 Bd7 13. e3 e4 14. Nd4 a6 15. Nce2 Re8 16. Nxc6 Bxc6 17. Nd4 Bd7 18. Rd2 Ng4 19. Rfd1 Ne5 20. Ne2 Be6 21. Nf4 Kf7 22. Bb2 g5 23. Nxe6 Kxe6 24. Bxe5 Bxe5 25. g4 Re7 26. h3 h5 27. gxf5+ Kxf5 28. Rd7 Rxd7 29. Rxd7 Rf8 30. Rh7 Rh8 31. Rxh8 Bxh8 32. f3 b6 33. fxe4+ Ke5 34. Kf2 Bf6 35. Bf3 h4 1/2-1/2

[Event "Brno Duras op-A"]
[Site "Brno"]
[Date "2013.06.29"]
[Round "8"]
[White "Majer, Jiri"]
[Black "Dvorak, Adam"]
[Result "1/2-1/2"]
[WhiteElo "2024"]
[BlackElo "2056"]
[PlyCount "90"]
[EventDate "2013.06.22"]
[EventType "swiss"]
[EventRounds "9"]
[EventCountry "CZE"]
[SourceTitle "CBM 155 Extra"]
[Source "ChessBase"]
[SourceDate "2013.08.26"]
[SourceVersion "1"]
[SourceVersionDate "2013.08.26"]
[SourceQuality "1"]

1. d4 Nf6 2. c4 c5 3. d5 e6 4. Nc3 exd5 5. cxd5 d6 6. e4 g6 7. h3 Bg7 8. Nf3 0-0 9. Bd3 Re8 10. 0-0 a6 11. a4 Nbd7 12. Bf4 c4 13. Bc2 Qc7 14. Re1 Rb8 15. Nd4 Ne5 16. a5 Nfd7 17. Nf3 b5 18. axb6 Qxb6 19. Na4 Qc7 20. Be3 a5 21. Nd4 Nc5 22. f3 Bd7 23. Nxc5 dxc5 24. Ne2 Rxb2 25. Bd2 a4 26. Bc3 Nd3 27. Bxg7 Kxg7 28. Bxd3 cxd3 29. Qxd3 Rb3 30. Qc2 Reb8 31. Reb1 Qb6 32. Rxb3 axb3 33. Qb2+ Kg8 34. Kh1 c4 35. Nc3 Qf6 36. Kg1 h5 37. Rd1 Qg5 38. Kf2 h4 39. d6 Ra8 40. Kf1 Qf6 41. Rd2 Bxh3 42. gxh3 Qxf3+ 43. Rf2 Qh1+ 44. Ke2 Ra1 45. Qd2 Qxh3 1/2-1/2